aǫsluz (Record no. 130)
[ view plain ]
| 000 -LEADER | |
|---|---|
| campo de control de longitud fija | 00501 a2200157 4500 |
| 082 ## - NÚMERO DE LA CLASIFICACIÓN DECIMAL DEWEY | |
| Número de clasificación | 861.728.1 |
| Número de ítem | D352a |
| 100 ## - ENTRADA PRINCIPAL--NOMBRE DE PERSONA | |
| Nombre de persona | Delgado, Nicole Cecilia |
| 9 (RLIN) | 643 |
| 245 ## - MENCIÓN DEL TÍTULO | |
| Título | aǫsluz |
| 250 ## - MENCION DE EDICION | |
| Mención de edición | Coleccin̤ Dual, Nm͠ero 1 |
| 260 ## - PUBLICACIÓN, DISTRIBUCIÓN, ETC. | |
| Lugar de publicación, distribución, etc. | Guatemala |
| Nombre del editor, distribuidor, etc. | Vueltegato Editores |
| Fecha de publicación, distribución, etc. | 2010 |
| 300 ## - DESCRIPCIÓN FÍSICA | |
| Extensión | 66 p |
| Otras características físicas | il (col) |
| Dimensiones | 17.5 cm |
| 505 ## - NOTA DE CONTENIDO CON FORMATO | |
| Título | Presentacin̤ Editorial |
| -- | 2010 |
| -- | aǫsluz |
| -- | I II/ La ms̕tica sexual del Che Guevara III |
| 650 ## - PUNTO DE ACCESO ADICIONAL DE MATERIA--TÉRMINO DE MATERIA | |
| Término de materia o nombre geográfico como elemento de entrada | literatura |
| Subdivisión geográfica | Guatemala |
| 9 (RLIN) | 644 |
| 690 ## - PUNTO DE ACCESO ADICIONAL DE MATERIA LOCAL--TÉRMINO DE MATERIA (OCLC, RLIN) | |
| Término de materia o nombre geográfico como elemento inicial | poesa̕ |
| 700 ## - ENTRADA AGREGADA--NOMBRE PERSONAL | |
| Nombre de persona | Nicole Cecilia Delgado |
| 9 (RLIN) | 645 |
| Estatus retirado | Estado de pérdida | Fuente del sistema de clasificación o colocación | Estado de daño | No para préstamo | Biblioteca de origen | Biblioteca actual | Ubicación en estantería | Fecha de adquisición | Total de préstamos | Signatura topográfica completa | Código de barras | Visto por última vez | Precio de reemplazo | Tipo de ítem Koha |
|---|---|---|---|---|---|---|---|---|---|---|---|---|---|---|
| Clasificación Decimal Dewey | Biblioteca LadoV | Biblioteca LadoV | 19/05/2014 | 861.728.1 D352a | 000527 | 19/05/2014 | 19/05/2014 | Material 01 |
